00377 a2200121 4500001001000000005001700010008004100027245006300068100002700131700001800158773006200176999001700238ART_1042720260410161848.0260409a 10aLa eficacia marginal del capital y la teoría de la firma1 aCanavese, Alfredo Juan1 aGaba, Ernesto0 tEconómicag- Año XVII, Nº2 (may./ago. 1971)wREV7541 c24739d24739